[Event "La Pobla de Lillet op-A 30th"]
[Site "La Pobla de Lillet"]
[Date "2021.08.03"]
[Round "2"]
[White "Iglesias, Jorge"]
[Black "Roca Planas, Edgar"]
[Result "1-0"]
[WhiteElo "2286"]
[BlackElo "2022"]
[PlyCount "141"]
[EventDate "2021.08.02"]
[EventType "swiss"]
[EventRounds "9"]
[EventCountry "ESP"]
[SourceTitle "EXT 2022"]
[Source "ChessBase"]
[SourceDate "2021.10.06"]
[SourceVersion "1"]
[SourceVersionDate "2021.10.06"]
[SourceQuality "1"]

1. d4 d5 2. Nf3 Nf6 3. g3 Bg4 4. Bg2 e6 5. 0-0 Nbd7 6. Nbd2 Be7 7. Re1 0-0 8. e4 dxe4 9. Nxe4 Nxe4 10. Rxe4 Nf6 11. Re1 c6 12. h3 Bh5 13. c3 h6 14. Qb3 Bxf3 15. Bxf3 Qb6 16. Qc2 Rfd8 17. Be3 Qc7 18. c4 Rd7 19. Rad1 Rad8 20. b3 Bb4 21. Rf1 Qa5 22. a3 Be7 23. b4 Qxa3 24. Ra1 Qxb4 25. Rfb1 Qd6 26. c5 Qc7 27. Rxa7 Nd5 28. Bxd5 exd5 29. Qb3 Qc8 30. Kg2 Bf6 31. Qd1 Qb8 32. Ra4 Re8 33. Bxh6 Re4 34. Be3 g6 35. Qf3 Bg7 36. h4 Qf8 37. h5 Bh6 38. Bxh6 Qxh6 39. Ra8+ Kg7 40. hxg6 Qxg6 41. Rb4 Ree7 42. Ra3 Qe4 43. Re3 Qxf3+ 44. Kxf3 Kf6 45. Rb1 Rxe3+ 46. Kxe3 Re7+ 47. Kd3 Kg5 48. f3 f6 49. Rh1 Rg7 50. Ke3 Re7+ 51. Kf2 Kf5 52. Rh5+ Kg6 53. Rh8 Kg7 54. Rb8 Kg6 55. Rf8 Kg7 56. Rd8 Kf7 57. g4 Kg7 58. Kg3 Kg6 59. Kf4 Kf7 60. Rd6 Kg7 61. Kf5 Re3 62. Rd7+ Kf8 63. f4 Re4 64. Rxb7 Rxd4 65. Rc7 Rc4 66. Rxc6 Ke7 67. Re6+ Kd7 68. Rd6+ Kc7 69. Rxd5 Kc6 70. Rd6+ Kxc5 71. Rxf6 1-0

[Event "ESP-ch U16"]
[Site "Salobrena"]
[Date "2021.07.23"]
[Round "8"]
[White "Perez Guerra, Raul"]
[Black "Roca Planas, Edgar"]
[Result "1-0"]
[WhiteElo "2205"]
[BlackElo "2032"]
[PlyCount "67"]
[EventDate "2021.07.19"]
[EventType "swiss"]
[EventRounds "9"]
[EventCountry "ESP"]
[SourceTitle "EXT 2022"]
[Source "ChessBase"]
[SourceDate "2021.10.06"]
[SourceVersion "1"]
[SourceVersionDate "2021.10.06"]
[SourceQuality "1"]

1. e4 c6 2. d4 d5 3. e5 Bf5 4. Nf3 e6 5. Be2 Nd7 6. 0-0 Ne7 7. Nbd2 h6 8. Nb3 g5 9. a4 Qc7 10. Bd2 Bg7 11. Bb4 f6 12. Bd6 Qd8 13. exf6 Bxf6 14. Ne5 0-0 15. Bd3 Re8 16. Qh5 Nxe5 17. dxe5 Bg7 18. Nd4 Bxd3 19. cxd3 Nc8 20. Bc7 Qd7 21. f4 gxf4 22. Rxf4 Re7 23. Raf1 Qxc7 24. Qg6 Nb6 25. Nxe6 Rxe6 26. Qxe6+ Kh8 27. d4 Qc8 28. Qg6 Qg8 29. Rf7 Rf8 30. b3 Nc8 31. Rxb7 a5 32. Rxf8 Qxf8 33. Rb8 c5 34. Qg4 1-0

[Event "Foment Martinenc-A 2nd"]
[Site "Barcelona"]
[Date "2021.06.13"]
[Round "7"]
[White "Roca Planas, Edgar"]
[Black "Moya Nunez, Pau Salvador"]
[Result "1/2-1/2"]
[WhiteElo "2053"]
[BlackElo "2078"]
[PlyCount "21"]
[EventDate "2021.06.11"]
[EventType "tourn"]
[EventRounds "7"]
[EventCountry "ESP"]
[SourceTitle "EXT 2022"]
[Source "ChessBase"]
[SourceDate "2021.10.06"]
[SourceVersion "1"]
[SourceVersionDate "2021.10.06"]
[SourceQuality "1"]

1. e4 c5 2. Nf3 e6 3. b3 b6 4. Bd3 Bb7 5. 0-0 Nf6 6. Re1 Be7 7. e5 Nd5 8. Bf1 g5 9. c4 g4 10. cxd5 gxf3 11. Qxf3 1/2-1/2

[Event "Foment Martinenc-A 2nd"]
[Site "Barcelona"]
[Date "2021.06.12"]
[Round "2"]
[White "Vinolas Anglada, Laura"]
[Black "Roca Planas, Edgar"]
[Result "1-0"]
[WhiteElo "1881"]
[BlackElo "2053"]
[PlyCount "45"]
[EventDate "2021.06.11"]
[EventType "tourn"]
[EventRounds "7"]
[EventCountry "ESP"]
[SourceTitle "EXT 2022"]
[Source "ChessBase"]
[SourceDate "2021.10.06"]
[SourceVersion "1"]
[SourceVersionDate "2021.10.06"]
[SourceQuality "1"]

1. e4 c6 2. d4 d5 3. exd5 cxd5 4. Bd3 Nc6 5. c3 Nf6 6. Bf4 Bg4 7. Qb3 Qd7 8. Nd2 e6 9. Ngf3 Bxf3 10. Nxf3 Bd6 11. Bxd6 Qxd6 12. 0-0 0-0 13. Rfe1 a6 14. Ne5 Rab8 15. Re3 b5 16. Rae1 Na5 17. Qd1 Nc4 18. Rh3 h6 19. Qf3 Nd7 20. Rxh6 Ndxe5 21. Rh8+ Kxh8 22. Qh3+ Kg8 23. Qh7# 1-0

[Event "Catalunya-ch U18/20"]
[Site "Salou"]
[Date "2021.04.01"]
[Round "9"]
[White "Bernado Lopez, Roger"]
[Black "Roca Planas, Edgar"]
[Result "1/2-1/2"]
[WhiteElo "2139"]
[BlackElo "2003"]
[PlyCount "105"]
[EventDate "2021.03.27"]
[EventType "swiss"]
[EventRounds "9"]
[EventCountry "ESP"]
[SourceTitle "CBM 202 Extra"]
[Source "ChessBase"]
[SourceDate "2021.07.31"]
[SourceVersion "1"]
[SourceVersionDate "2021.07.31"]
[SourceQuality "1"]

1. d4 Nf6 2. c4 e6 3. Nc3 Bb4 4. Nf3 c5 5. g3 Nc6 6. Bg2 Ne4 7. Qd3 Qa5 8. 0-0 Nxc3 9. bxc3 Bxc3 10. Rb1 Bxd4 11. Nxd4 cxd4 12. Ba3 b6 13. Rb5 Qc3 14. Qxc3 dxc3 15. Rc1 Ba6 16. Rxc3 Rc8 17. Rb2 f6 18. Bd6 Nd4 19. Ra3 Bxc4 20. Bb7 Kf7 21. Bxc8 Rxc8 22. Rxa7 Bxe2 23. Rxd7+ Kg6 24. Bc7 Nf3+ 25. Kg2 Ne1+ 26. Kh1 Bc4 27. Rxb6 Bxa2 28. Rb8 Rxb8 29. Bxb8 Bd5+ 30. Kg1 Nf3+ 31. Kf1 Nxh2+ 32. Ke2 Bc4+ 33. Ke3 Ng4+ 34. Kf3 h5 35. Rd4 Bd5+ 36. Ke2 Nh6 37. Ra4 Kh7 38. Ra7 Nf5 39. Bf4 Kg8 40. Be3 g5 41. Kf1 e5 42. Rc7 Bf7 43. Kg2 Kg7 44. Bc5 Kg6 45. Kh2 Bd5 46. Ra7 Bf3 47. Ra3 e4 48. Bb4 Nh6 49. Kg1 Ng4 50. Bd2 h4 51. gxh4 gxh4 52. Ra5 Ne5 53. Rxe5 1/2-1/2

[Event "Catalunya-ch U18/20"]
[Site "Salou"]
[Date "2021.03.31"]
[Round "8"]
[White "Roca Planas, Edgar"]
[Black "Cervello Navarro, Hector"]
[Result "1-0"]
[WhiteElo "2003"]
[BlackElo "1885"]
[PlyCount "105"]
[EventDate "2021.03.27"]
[EventType "swiss"]
[EventRounds "9"]
[EventCountry "ESP"]
[SourceTitle "CBM 202 Extra"]
[Source "ChessBase"]
[SourceDate "2021.07.31"]
[SourceVersion "1"]
[SourceVersionDate "2021.07.31"]
[SourceQuality "1"]

1. e4 e5 2. Nf3 Nc6 3. Bc4 Bc5 4. c3 Nf6 5. d3 d6 6. Bb3 a6 7. Nbd2 Ba7 8. h3 h6 9. Nf1 Be6 10. Be3 Qd7 11. Bxa7 Nxa7 12. a4 0-0 13. a5 Nc6 14. Ba4 Qe7 15. Bxc6 bxc6 16. b4 Bd7 17. Ng3 Nh7 18. 0-0 f5 19. exf5 Bxf5 20. d4 e4 21. Nd2 d5 22. Qe2 Ng5 23. Nxf5 Rxf5 24. f3 e3 25. f4 Nf7 26. Rae1 Re8 27. Nb3 Nd6 28. Nc5 Nc4 29. g4 Rff8 30. Rf3 Qh4 31. Kg2 h5 32. Nd3 hxg4 33. hxg4 Qxg4+ 34. Rg3 Qxe2+ 35. Rxe2 Re4 36. Rg4 Rf6 37. Kg3 Kf8 38. Nc5 Re7 39. Nxa6 Na3 40. Kf3 Rh6 41. Rg3 Nc4 42. Nb8 Re8 43. Nd7+ Kg8 44. Reg2 Re7 45. Ne5 Nd6 46. Nxc6 Rf7 47. Ne5 Re7 48. Rg6 Rh3+ 49. Ke2 Nf5 50. a6 Rh1 51. R6g5 Nd6 52. Rg1 Rh3 53. a7 1-0

[Event "Catalunya-ch U18/20"]
[Site "Salou"]
[Date "2021.03.29"]
[Round "4"]
[White "Roca Planas, Edgar"]
[Black "Travesset Sagre, Jan"]
[Result "1/2-1/2"]
[WhiteElo "2003"]
[BlackElo "2129"]
[PlyCount "60"]
[EventDate "2021.03.27"]
[EventType "swiss"]
[EventRounds "9"]
[EventCountry "ESP"]
[SourceTitle "CBM 202 Extra"]
[Source "ChessBase"]
[SourceDate "2021.07.31"]
[SourceVersion "1"]
[SourceVersionDate "2021.07.31"]
[SourceQuality "1"]

1. c4 c6 2. Nf3 d5 3. d4 Nf6 4. cxd5 cxd5 5. Nc3 Nc6 6. Bf4 Bf5 7. e3 e6 8. Bd3 Bxd3 9. Qxd3 Bd6 10. Bxd6 Qxd6 11. a3 0-0 12. 0-0 Rfc8 13. Rac1 a6 14. h3 Rc7 15. Rc2 Rac8 16. Rfc1 h6 17. Ne2 Ne7 18. Rxc7 Rxc7 19. Rxc7 Qxc7 20. Qc3 Qxc3 21. Nxc3 Nc6 22. Kf1 Kf8 23. Ke2 Ke7 24. Kd3 Kd6 25. b4 b5 26. Nd2 Nd7 27. Nb3 Nb6 28. Nc5 Nc4 29. Nxa6 Nxa3 30. f3 f6 1/2-1/2